Quiz Fortnite #2 - Statistiques

Statistiques générales
  • Ce quiz a été pris 530 fois
  • Le résultat moyen est 4 sur 20
Statistiques - réponses
Question Réponse % Correct
Combien existe-t-il de joueurs francophones (hors sol européen) qualifiés à la Coupe du Monde Fortnite ? 3
75%
Depuis le début du jeu, combien de fusils à pompe ont été introduit dans le mode Battle Royale (au 2 juillet) ? 6
46%
Même question que la question 6 mais cette fois-ci, quel est le montant maximum avec lequel un joueur pourra repartir ? 4 500 000 $
29%
Combien reste-t-il de villes présentes depuis la saison 1 et n'ayant pas subi de grands changements (au 2 juillet) ? 4
25%
Si un joueur est qualifié à la fois en solo et en duo pour la Coupe du Monde, quel est le montant minimum avec lequel il pourra repartir ? 100 000 $
21%
Pour la Coupe du Monde, quelle est l'équipe la mieux représentée avec 10 places sur les 200 disponibles ? FaZe Clan
21%
Le Zapotron est une arme qui est resté que quatre jours sur le jeu (du 25 au 29 septembre 2017) . Combien de dégâts faisait-t-elle ? 150
18%
Parmi ces items utilitaires, quel est celui qui est sorti il y a le moins longtemps ? Gourde du Brave
18%
Quel est le joueur manette qui a gagné le plus d'argent lors de compétitions sur le jeu (au 3 juillet) ? Kamo
14%
Durant les qualifications pour la Coupe du Monde, quel est le joueur qui a remporté le plus d'argent sur les dix semaines Stompy
14%
Tandis que le 14 juillet 2019 se déroulait la Coupe Cash Trio. Côté NAE, quel trio a gagné ce tournoi ? Zayt, Saf & Bizzle
14%
Quand a eu lieu les phases de qualification de la CHINE (et non ASIE) pour la Coupe du Monde Fortnite ? 23 juin 2019
11%
Sur combien de plateformes le batlle royale est présent ? 8
11%
La dernière LAN française en Squad date du 20 janvier 2019 et s'est déroulé lors du Colmar Show. Quelle structure l'avait remporté ? GamersOrigin
11%
Le 17 février 2019 avait eu lieu la première coupe Trio appelé Trio Coupe d'un Jour. Côté Europe, quelle équipe l'a remporté ? Nayte, Airwaks & Nikof
11%
Combien il existe d'armes qui n'ont pas été enlevé depuis le début du jeu ? 5
7%
Le 15 février 2019 avait lieu en Amérique le Secret Skirmish, un tournoi qui récompensait le premier de 60 000 $ Qui en fut le vainqueur ? Bizzle
7%
Quel est le nom du tout premier qualifié à Coupe du Monde ? Slaya
7%
Quelle équipe a remporté la première LAN française, la Lyon eSport 2018, qui s'est déroulé début février 2018 ? Oserv
4%
Qui a gagné l'ESL Katowice en Solo ? Vinny
4%
Aucun quiz correspondant
Distribution des résultats
% des personnes avec chaque résultat
Percentile par nombre de réponses
Votre historique - résultats
Vous n’avez pas pris ce quiz